00699nam a2200217 i 4500001000700000003000900007005001700016007000300033008004100036080002500077080002500102100003400127245006700161260004200228300002200270490002000292651006900312710003200381830001700413852005100430106028ES-MaACL20250803000242.0t|060921s1963 fr ||||1| spa d a016:94(460)"1936/39" a94(460)"1936/39":0161 aSouthworth, Herbert Rutledge.13aEl mito de la cruzada de Franco b: crítica bibliográfica. a[Paris] : bRuedo Ibérico, c[1963] a314 p. ; c18 cm.1 aCrítica ; v1 4aEspaña-xHistoria-y1936-1939, Guerra civil-vBibliografías.2 aÉditions Ruedo ibérico.10aCríticav1 aES-MaACLjAND-1005 z- Biblioteca Juan Andrade